Dragon Ball Name the Saiyans - Statistics

General Stats
  • This quiz has been taken 141 times
  • The average score is 25 of 36
Answer Stats
Hint Answer % Correct
Saiyan Goku
100%
Saiyan Vegeta
99%
Half Saiyan Future Gohan
98%
Half Saiyan Goten
98%
Half Saiyan Gohan
97%
Saiyan Bardock
95%
Half Saiyan Future Trunks
95%
Fusion Saiyan Gogeta
95%
Half Saiyan Trunks
95%
Fusion Saiyan Vegito
95%
Saiyan Raditz
94%
Saiyan Nappa
92%
Saiyan Broly
91%
Fusion Saiyan Gotenks
89%
Quarter Saiyan Pan
89%
Saiyan King Vegeta
86%
Saiyan Kale
75%
Half Saiyan Bulla
74%
Fusion Saiyan Kefla
74%
Saiyan Caulifla
72%
Saiyan Gine
72%
Saiyan Cabba
70%
Saiyan Paragus
69%
1/16th Saiyan Goku Jr
66%
Saiyan Turles
63%
Saiyan Tarble
62%
1/16th Saiyan Vegeta Jr
62%
Part Saiyan Cell
54%
Saiyan Fasha
47%
Part Saiyan Cell Juniors
43%
Non Canon Video Game Saiyan Shallot
43%
Saiyan Cumber
23%
Saiyan Yamoshi
16%
Saiyan Beets
8%
Saiyan Onio
7%
Saiyan Renso
3%
No matching quizzes found
Score Distribution
Percent of People with Each Score
Percentile by Number Answered
Your Score History
You have not taken this quiz